00529nam a2200205Ia 4500003000400000005001700004008004100021020002200062040000700084041000800091082002400099100002100123245005200144250000600196260003600202300001800238365001600256650001400272650003700286OSt20230619163637.0210423s2014 xx 000 0 und d a978-1-119-94294-8 cAL aeng a541.0421 223bWESS aWEST (Anthony R) aSolid state chemistry and its applications Ed 2 a2 aNew DelhibWiley and Sonsc2014 axxiv, 556bPB b4512.5cUSD aChemistry aPhysical & Theoretical Chemistry